NBA Nicknames - Statistics

General Stats
  • This quiz has been taken 32 times
  • The average score is 23 of 30
Answer Stats
Nickname Player % Correct
The King Lebron James
97%
His Airness Michael Jordan
97%
The Black Mamba Kobe Bryant
93%
The Joker Nikola Jokic
93%
The Worm Dennis Rodman
90%
The Beard James Harden
90%
The Logo Jerry West
90%
The Brow Anthony Davis
87%
The Greek Freak Giannis Antetokounmpo
87%
The Dream Hakeem Olajuwon
87%
The Diesel Shaquille O'Neal
87%
The Answer Allen Iverson
83%
The Slim Reaper Kevin Durant
83%
Uncle Drew Kyrie Irving
83%
The Big Fundamental Tim Duncan
83%
Mr Triple Double Russell Westbrook
80%
The Stilt Wilt Chamberlain
80%
Round Mound of Rebound Charles Barkley
77%
White Chocolate Jason Williams
73%
The Big Ticket Kevin Garnett
73%
The Truth Paul Pierce
73%
The Baby Face Assassin Stephen Curry
73%
Iceman George Gervin
70%
The Flash Dwayne Wade
67%
Legend Larry Bird
63%
Big Shot Rob Robert Horry
63%
AK47 Andrei Kirilenko
60%
The Captan Kareem Abdul-Jabbar
60%
Hondo Rajon Rondo
37%
The Human Highlight Reel Dominique Wilkens
20%
No matching quizzes found
Score Distribution
Percent of People with Each Score
Percentile by Number Answered
Your Score History
You have not taken this quiz